Alla ricerca del sesso smarrito /

সংরক্ষণ করুন:
গ্রন্থ-পঞ্জীর বিবরন
প্রধান লেখক: Parenti, Francesco, (1925-1990) (লেখক)
বিন্যাস: গ্রন্থ
ভাষা:ইতালিয়
প্রকাশিত: Novara : Istituto geografico De Agostini, \1990!
বিষয়গুলি:
ট্যাগগুলো: ট্যাগ যুক্ত করুন
কোনো ট্যাগ নেই, প্রথমজন হিসাবে ট্যাগ করুন!

MARC

LEADER 00000nam a22000007i 4500
001 IT\ICCU\CFI\0176296
003 ItRI
005 20260115231908.0
008 920510s1990 it |||||| ||||| |||||c
015 |2 IT  |a 91-8468 
020 |a 8840208321 
040 |b ita  |c importazione bologna sebina 
041 7 |a ita  |2 ISO-639-2 
082 |a 157.7  |9 PSICOLOGIA PATOLOGICA. DISORDINI DEL CARATTERE E DELLA PERSONALITA  |2 19 
100 1 |a Parenti, Francesco,  |d  (1925-1990)  |0 IT\ICCU\CFIV\028604  |4 aut 
245 1 0 |a Alla ricerca del sesso smarrito /  |c Francesco Parenti. 
260 |a Novara :  |b Istituto geografico De Agostini,  |c \1990! 
300 |a 161 p. :  |b ill. ;  |c 22 cm. 
650 7 |a Pervertimenti sessuali  |2 scbi 
942 |2 ddc  |c BK  |n 0 
952 |0 0  |1 0  |4 0  |6 DOC_155_340000000000000_PAR  |7 0  |9 15701  |a BO  |b BO  |d 2026-01-15  |i 7947  |l 0  |o DOC 155.34 PAR  |p BO7947  |r 2026-01-15 23:19:08  |w 2026-01-15  |x [Sebina 5] [1 v.]  |y BK  |z 1 v. 
999 |c 13507  |d 13507